1859 1710 1206 1167 1573 1745 1429 1953 1851 1661 1792 1735 1813 1304 1247 1540 1711 1908 1819 1340 1762 1046 1516 1245 1245 1300 1217 1848 1915 1357 1846 1268 1147 1473 1251 1359 1898 1203 1404 1781 1355 1686 1116 1602 1686 1193 1858 1087 1638 1972 1373 1902 1735 1684 1553 1788 1546 1480 1006 1694 1041 1223 1349 1904 1870 1876 1205 1514 1881 1079 1663 1341 1340 1871 1903 1038 1452 1843 1571 1788 1623 1684 1439 1769 1396 1754 1715 1267 1915 1401 1703 1761 1701 1956 1351 1713 1406 1802 1595 BCNSPRNW ULIB Ver.6.0+V

เปลี่ยนเป็นภาษาไทย

Change to English
 แสดงรายละเอียดบรรณานุกรม
  กลับหน้าหลัก

Brief Record : Get Marc (ISO 2709) : E-mail record : QR code < ปิดหน้าต่าง
LEADER : 00000nam 2200000uu 4500
001    13399127785
003     ULIB
008    210824s2563||||th 000 0 tha d
020    ^a9789740339571
060  0 ^aWY152^bศ465ก
100 0  ^aศิริพันธุ์ สาสัตย์
245 00 ^aการพยาบาลผู้สูงอายุ:^bปัญหาที่พบบ่อยและแนวทางในการดูแล/^cศิริพันธุ์ สาสัตย์
246 00 ^aGerontological nursing common problems and caring guideline
250    ^aพิมพ์ครั้งที่ 4 (ฉบับปรับปรุง)
260    ^aกรุงเทพฯ:^bสำนักพิมพ์แห่งจุฬาลงกรณ์มหาวิทยาลัย,^c2563
300    ^a318 หน้า
650  0 ^aการพยาบาลผู้สูงอายุ
650  0 ^aผู้สูงอายุ- -การดูแล
856    ^a^zสารบัญ^uhttps://drive.google.com/file/d/1aT1AZNWrWlKyVfQONO1S7Fwfuxs2IzVf/view?usp=sharing
945    ^p320^l0^i008177
945    ^p320^l0^i008178
945    ^p320^l0^i008179
945    ^p320^l0^i009837
945    ^p320^l0^i009838
945    ^p320^l0^i009839
945    ^p320^l0^i009840
945    ^p320^l0^i009841
945    ^p320^l0^i009842
945    ^p320^l0^i009843
999    ^aประนอม เกษจรัล
รายการนี้ยังไม่มีแท็ก
คุณยังไม่ได้ล็อกอิน คุณสามารถมีกิจกรรมร่วมกับเว็บไซต์ได้ แต่ต้องล็อกอินก่อน ::
  ล็อกอิน

รายการสื่อสารสนเทศ

ลำดับที่ ประเภท เลขเรียก/บาร์โค้ด สถานที่ สถานะ
1. Book การพยาบาล
หนังสือสำรอง
สถานะ=หนังสือสำรอง
WY152 ศ465ก ฉ.1 
  Barcode: 008177
ห้องสมุดวิทยาเขตสวรรค์ประชารักษ์
►หนังสือทั่วไป
บนชั้น
2. Book การพยาบาล
Book การพยาบาล
WY152 ศ465ก ฉ.10 
  Barcode: 009843
ห้องสมุดวิทยาเขตสวรรค์ประชารักษ์
►หนังสือทั่วไป
ถูกยืม กำหนดส่งวันที่ 1 มีนาคม 2569
  จอง
3. Book การพยาบาล
Book การพยาบาล
WY152 ศ465ก ฉ.2 
  Barcode: 008178
ห้องสมุดวิทยาเขตสวรรค์ประชารักษ์
►หนังสือทั่วไป
ถูกยืม กำหนดส่งวันที่ 22 มิถุนายน 2569
  จอง
4. Book การพยาบาล
Book การพยาบาล
WY152 ศ465ก ฉ.3 
  Barcode: 008179
ห้องสมุดวิทยาเขตสวรรค์ประชารักษ์
►หนังสือทั่วไป
บนชั้น
5. Book การพยาบาล
Book การพยาบาล
WY152 ศ465ก ฉ.4 
  Barcode: 009837
ห้องสมุดวิทยาเขตสวรรค์ประชารักษ์
►หนังสือทั่วไป
บนชั้น
6. Book การพยาบาล
Book การพยาบาล
WY152 ศ465ก ฉ.5 
  Barcode: 009838
ห้องสมุดวิทยาเขตสวรรค์ประชารักษ์
►หนังสือทั่วไป
บนชั้น
7. Book การพยาบาล
Book การพยาบาล
WY152 ศ465ก ฉ.6 
  Barcode: 009839
ห้องสมุดวิทยาเขตสวรรค์ประชารักษ์
►หนังสือทั่วไป
บนชั้น
8. Book การพยาบาล
Book การพยาบาล
WY152 ศ465ก ฉ.7 
  Barcode: 009840
ห้องสมุดวิทยาเขตสวรรค์ประชารักษ์
►หนังสือทั่วไป
บนชั้น
9. Book การพยาบาล
Book การพยาบาล
WY152 ศ465ก ฉ.8 
  Barcode: 009841
ห้องสมุดวิทยาเขตสวรรค์ประชารักษ์
►หนังสือทั่วไป
บนชั้น
10. Book การพยาบาล
Book การพยาบาล
WY152 ศ465ก ฉ.9 
  Barcode: 009842
ห้องสมุดวิทยาเขตสวรรค์ประชารักษ์
►หนังสือทั่วไป
บนชั้น

รายการใกล้เคียง
    ผู้แต่ง [ศิริพันธุ์ สาสัตย์]

    หัวเรื่อง [การพยาบาลผู้สูงอายุ]
    หัวเรื่อง [ผู้สูงอายุ- -การดูแล]

BibComment


ยังไม่เคยถูกคอมเมนท์

คอมเมนท์ทรัพยากรรายการนี้
  คอมเมนท์: การพยาบาลผู้สูงอ..


 Copyright 2026. Bcnsprnw @Library